Loading...
| Current Events | 5 | 20.00 | 100% | 60% | 40% |
| Fine Arts - Classical Music | 4 | 12.50 | 100% | 0% | 25% |
| Fine Arts - Other | 7 | 11.43 | 86% | 29% | 0% |
| Fine Arts - Painting and Sculpture | 4 | 7.50 | 75% | 0% | 0% |
| Geography | 5 | 16.00 | 100% | 60% | 0% |
| History - American | 3 | 13.33 | 100% | 33% | 0% |
| History - European | 6 | 16.67 | 100% | 67% | 0% |
| History - Other | 5 | 12.00 | 100% | 20% | 0% |
| History - World | 9 | 18.89 | 100% | 67% | 22% |
| Literature - Drama | 7 | 17.14 | 100% | 71% | 0% |
| Literature - Long Fiction | 7 | 15.71 | 100% | 57% | 0% |
| Literature - Misc | 3 | 16.67 | 100% | 67% | 0% |
| Literature - Poetry | 4 | 15.00 | 100% | 50% | 0% |
| Literature - Short Fiction | 1 | 20.00 | 100% | 0% | 100% |
| Mythology | 4 | 12.50 | 100% | 25% | 0% |
| Other Academic | 7 | 15.71 | 100% | 43% | 14% |
| Philosophy | 3 | 13.33 | 100% | 33% | 0% |
| Religion | 2 | 15.00 | 100% | 50% | 0% |
| Science - Biology | 1 | 10.00 | 100% | 0% | 0% |
| Science - Chemistry | 3 | 10.00 | 100% | 0% | 0% |
| Science - Other | 4 | 7.50 | 75% | 0% | 0% |
| Science - Physics | 5 | 14.00 | 100% | 40% | 0% |
| Short Fiction and Other | 4 | 15.00 | 100% | 50% | 0% |
| Social Science | 8 | 15.00 | 100% | 38% | 13% |